LEADER 00941nam a2200253 u 4500 001 000000036648 003 CaOOAMICUS 005 20070226112725.0 008 980327s1939 it u000 u ita u 035 $a10787788 040 $aPUL(R)$bita 100 1 $aRebuttati, Carlo.$0(OLS)http://pul/name/27692 245 10$aMatrimonio /$cCarlo Rebuttati. 260 $aTorino :$bEditrice torinese,$c1939. 300 $a220 p. ;$c23 cm 500 $aEstratto dal Nuovo Digesto Italiano. 504 $aNote bibliografiche. 650 4$aMatrimonio.$0(OLS)http://pul/subject/1360 850 $aPUL 852 $aPUL$W1$xDP2 Diritto Canonico 1$y64$m166 C 1$j50214$nBK-PRI$qStampati$B50214$CPULBib$Z2$F50214 $82 941 1 $a8 961 $aINV: 116. Ex libris Card. Francisci Roberti.Nota ms. in testa al front. 996 $6245$aMatrimonio$9(OLS)http://pul/title/50050 996 $6260$aTorino :$bEditrice torinese$9(OLS)http://pul/publisher/63026 LEADER 01189nam a2200277 u 4500 001 000000058025 003 CaOOAMICUS 005 20070226120639.0 008 010522s1988 it u000 u ita u 020 $a8810502051 035 $a10889958 040 $aPUL(R)$bita 100 1 $aD'Avanzo, Bruno.$0(OLS)http://pul/name/40371 245 10$aChiesa e liberazione in America Latina :$bda un ethos del sistema ad un ethos di liberazione /$cBruno D'Avanzo. 260 $aBologna :$bDehoniane,$c1988. 300 $a320 p. ;$c19 cm 490 1 $aTemi etici nella storia ;$v4 650 4$aTeologia della liberazione.$0(OLS)http://pul/subject/2678 830 0$aTemi etici nella storia ;$v4.$0(OLS)http://pul/title/52418 850 $aPUL 852 $aPUL$W1$xSL Religione 1$y3$m58 M 41$j75816$nBK-PRI$b $qStampati$B75816$CPULBib$Z2$F75816 $H $81 941 1 $a8 961 $aINV: 65951 996 $6020$a8810502051$9(OLS)http://pul/number/73437 996 $6245$aChiesa e liberazione in America Latina :$bda un ethos del sistema ad un ethos di liberazione$9(OLS)http://pul/title/77706 996 $6260$aBologna :$bDehoniane$9(OLS)http://pul/publisher/48655